Central Library OPAC University of Rajshahi

The concept of law / (Record no. 45808)

MARC details
000 -LEADER
fixed length control field 00815cam a2200253 a 4500
001 - CONTROL NUMBER
control field 45808
003 - CONTROL NUMBER IDENTIFIER
rucl marc code BD-RjUL
005 - DATE AND TIME OF LATEST TRANSACTION
control field 20211209054054.0
008 - FIXED-LENGTH DATA ELEMENTS--GENERAL INFORMATION
fixed length control field 16 t19671961enk b 001 0 eng d
035 ## - SYSTEM CONTROL NUMBER
System control number (BD-RjUL)45926
040 ## - CATALOGING SOURCE
Original cataloging agency NjR-L
Transcribing agency NjR-L
Modifying agency MBU-L
-- BD-RjUL
Language of cataloging eng
041 ## - LANGUAGE CODE
Language code of text/sound track or separate title eng
082 04 - DEWEY DECIMAL CLASSIFICATION NUMBER
Edition number 16
Classification number 340.1
Author mark and year HAC 1967
100 1# - MAIN ENTRY--PERSONAL NAME
Personal name Hart, H. L. A.
Fuller form of name (Herbert Lionel Adolphus),
Dates associated with a name 1907-1992.
9 (RLIN) 11432
245 14 - TITLE STATEMENT
Title The concept of law /
Statement of responsibility, etc. by H.L.A. Hart.
260 ## - PUBLICATION, DISTRIBUTION, ETC. (IMPRINT)
Place of publication, distribution, etc. Oxford :
Name of publisher, distributor, etc. Oxford University Press,
Date of publication, distribution, etc. c1961 [Reprinted 1967].
300 ## - PHYSICAL DESCRIPTION
Pagination x, 262 p. ;
Size 23 cm.
500 ## - GENERAL NOTE
General note Series statement from jacket.
504 ## - BIBLIOGRAPHY, ETC. NOTE
Bibliography, etc Includes bibliographical references and index.
650 #0 - SUBJECT ADDED ENTRY--TOPICAL TERM
Topical term or geographic name as entry element Jurisprudence.
9 (RLIN) 7060
Topical term or geographic name as entry element Law
General subdivision Philosophy.
9 (RLIN) 11434
942 ## - ADDED ENTRY ELEMENTS (KOHA)
Source of classification or shelving scheme Dewey Decimal Classification
Koha item type Books
Holdings
Lost status Source of classification or shelving scheme Damaged status Not for loan Collection code Permanent Location Current Location Shelving location Date acquired Source of acquisition Cost, normal purchase price Total Checkouts Full call number Date last seen Copy number Koha item type Date checked out
  Dewey Decimal Classification     Non-fiction Central Library, University of Rajshahi Central Library, University of Rajshahi   17/07/1968 Zeitlinger 25.00   340.1 HAC 1967 28/07/2016 C-2 Books  
  Dewey Decimal Classification     Non-fiction Central Library, University of Rajshahi Central Library, University of Rajshahi   17/07/1968 Zeitlinger 25.00   340.1 HAC 1961 28/07/2016 C-3 Books  
  Dewey Decimal Classification     Non-fiction Central Library, University of Rajshahi Central Library, University of Rajshahi   17/07/1968 Zeitlinger 25.00   340.1 HAC 1967 28/07/2016 C-4 Books  
  Dewey Decimal Classification     Non-fiction Central Library, University of Rajshahi Central Library, University of Rajshahi   17/07/1968 Zeitlinger 25.00   340.1 HAC 1967 28/07/2016 C-5 Books  
  Dewey Decimal Classification     Non-fiction Central Library, University of Rajshahi Central Library, University of Rajshahi   17/07/1968 Zeitlinger 25.00 1 340.1 HAC 1967 11/07/2019 C-6 Books 01/07/2019
  Dewey Decimal Classification     Non-fiction Central Library, University of Rajshahi Central Library, University of Rajshahi   17/07/1968 Zeitlinger 25.00 1 340.1 HAC 1967 15/07/2019 C-7 Books 01/07/2019